Größte Orte in Bayern A-Z - Statistiken

Allgemein
  • Dieses Quiz wurde 143 mal gespielt
  • Das Durchschnittsergebnis liegt bei 15 aus 23
Antwortstatistiken
Landkreis Einwohnerzahl Ort % Korrekt
A kreisfrei 303.150 Augsburg
98%
M kreisfrei 1.510.378 München
93%
N kreisfrei 526.091 Nürnberg
93%
I kreisfrei 142.308 Ingolstadt
89%
R kreisfrei 159.465 Regensburg
89%
B kreisfrei 80.580 Bamberg
87%
F kreisfrei 132.032 Fürth
85%
E kreisfrei 117.806 Erlangen
84%
P kreisfrei 54.401 Passau
83%
W kreisfrei 128.246 Würzburg
83%
D keine Hinweise, das wäre sonst zu einfach 48.337 Dachau
72%
C kreisfrei 42.139 Coburg
71%
L kreisfrei 75.272 Landshut
71%
K kreisfrei 70.713 Kempten (Allgäu)
67%
H kreisfrei 46.963 Hof
51%
S kreisfrei 55.067 Schweinfurt
51%
T keine Hinweise, das wäre sonst zu einfach 21.551 Traunstein
41%
Z Fürth 26.257 Zirndorf
36%
G Fürstenfeldbruck 41.822 Germering
30%
U München 29.661 Unterschleißheim
30%
O Fürstenfeldbruck 28.052 Olching
25%
V Ebersberg 25.596 Vaterstetten
14%
J Günzburg 7.221 Jettingen-Scheppach
12%
Keine übereinstimmenden Quizze gefunden
Verteilung der Resultate
Anzahl Personen mit jedem Resultat
Perzentil nach korrekt beantworteten Fragen
Ihre Resultats-Entwicklung
Sie haben dieses Quiz noch nicht gespielt